[Event "Budapest Weekend 2nd"]
[Site "Budapest"]
[Date "2010.08.20"]
[Round "2"]
[White "Barabas, Attila"]
[Black "Kantor, David"]
[Result "1-0"]
[WhiteElo "2013"]
[BlackElo "1862"]
[PlyCount "73"]
[EventDate "2010.08.20"]
[EventType "swiss"]
[EventRounds "7"]
[EventCountry "HUN"]
[SourceTitle "EXT 2020"]
[Source "ChessBase"]
[SourceDate "2019.10.17"]
[SourceVersion "1"]
[SourceVersionDate "2019.10.17"]
[SourceQuality "1"]

1. d4 Nf6 2. c4 e6 3. Nc3 d5 4. Bg5 Be7 5. e3 Nbd7 6. Nf3 0-0 7. Bd3 c5 8. cxd5 exd5 9. dxc5 Nxc5 10. 0-0 Nce4 11. Bxe4 dxe4 12. Qxd8 Bxd8 13. Nd2 Bf5 14. Bxf6 Bxf6 15. Ndxe4 Be5 16. f4 Bc7 17. Ng3 Be6 18. Kf2 f5 19. Rfd1 g6 20. Nd5 Bxd5 21. Rxd5 Rad8 22. Rad1 Rxd5 23. Rxd5 Rd8 24. Rxd8+ Bxd8 25. e4 fxe4 26. Nxe4 Kf8 27. Kf3 Be7 28. g4 a5 29. Ke3 h6 30. Kd4 b5 31. Kd5 b4 32. b3 Bd8 33. Ke6 Bc7 34. Kf6 Bxf4 35. Kxg6 Ke7 36. Nc5 Bxh2 37. Kxh6 1-0

[Event "HUN-chT2 Breyer 0708"]
[Site "Hungary"]
[Date "2008.03.16"]
[Round "8"]
[White "Barabas, Attila"]
[Black "Tessedik, Karoly"]
[Result "0-1"]
[WhiteElo "2088"]
[BlackElo "2047"]
[PlyCount "72"]
[EventDate "2007.10.14"]
[EventType "team"]
[EventRounds "11"]
[EventCountry "HUN"]
[SourceTitle "EXT 2009"]
[Source "ChessBase"]
[SourceDate "2008.11.26"]
[SourceVersion "1"]
[SourceVersionDate "2008.11.26"]
[SourceQuality "1"]
[WhiteTeam "Vertesi Eromu"]
[BlackTeam "Zsambek"]
[WhiteTeamCountry "HUN"]
[BlackTeamCountry "HUN"]

1. d4 Nf6 2. Nc3 d5 3. Bg5 Bf5 4. e3 e6 5. Bd3 Be7 6. Bxf5 exf5 7. Bxf6 Bxf6 8. Qf3 c6 9. Qxf5 0-0 10. Nge2 g6 11. Qd3 Nd7 12. 0-0 Re8 13. e4 dxe4 14. Nxe4 Bg7 15. Nd6 Re6 16. Ne4 Qe7 17. N2g3 Re8 18. Nd2 h5 19. Rfd1 h4 20. Ngf1 Bh6 21. h3 Nf6 22. Nf3 Nh5 23. Re1 Nf4 24. Rxe6 Qxe6 25. Qd1 g5 26. N1h2 Qf5 27. Ng4 Bg7 28. Ne3 Qg6 29. c3 b6 30. Qc2 Qh5 31. Qf5 f6 32. Rd1 Ne2+ 33. Kh2 Qf7 34. Re1 Qc7+ 35. Ne5 fxe5 36. Qg6 exd4+ 0-1

[Event "HUN-chT2 Breyer 0708"]
[Site "Hungary"]
[Date "2008.02.17"]
[Round "6"]
[White "Banhazi, Istvan"]
[Black "Barabas, Attila"]
[Result "1-0"]
[WhiteElo "2133"]
[BlackElo "2088"]
[PlyCount "73"]
[EventDate "2007.10.14"]
[EventType "team"]
[EventRounds "11"]
[EventCountry "HUN"]
[SourceTitle "EXT 2009"]
[Source "ChessBase"]
[SourceDate "2008.11.26"]
[SourceVersion "1"]
[SourceVersionDate "2008.11.26"]
[SourceQuality "1"]
[WhiteTeam "MAFC"]
[BlackTeam "Vertesi Eromu"]
[WhiteTeamCountry "HUN"]
[BlackTeamCountry "HUN"]

1. d4 d6 2. Nf3 Nd7 3. d5 Ndf6 4. c4 e6 5. Nc3 exd5 6. cxd5 Ne7 7. e4 Ng6 8. Nd4 Be7 9. Be2 0-0 10. 0-0 Re8 11. Qc2 a6 12. Bd2 h6 13. Rac1 Rf8 14. Nd1 Ne8 15. Ba5 Bf6 16. Nf3 Nf4 17. Re1 Nxe2+ 18. Rxe2 b6 19. Bc3 Bg4 20. Ne3 Bxf3 21. gxf3 Bg5 22. Kh1 Qd7 23. Rg1 Bxe3 24. Rxe3 f6 25. f4 c6 26. Qb3 Qf7 27. Qxb6 cxd5 28. Qc6 Nc7 29. Reg3 g5 30. fxg5 hxg5 31. Bxf6 Ne6 32. Bxg5 Nxg5 33. Rxg5+ Kh8 34. R5g3 Qe6 35. Qc7 Rf7 36. Qxf7 Qxf7 37. Rh3+ 1-0

[Event "HUN-chT2 Breyer 0607"]
[Site "Hungary"]
[Date "2007.05.20"]
[Round "11"]
[White "Tessedik, Karoly"]
[Black "Barabas, Attila"]
[Result "0-1"]
[WhiteElo "2014"]
[BlackElo "2110"]
[PlyCount "78"]
[EventDate "2006.11.12"]
[EventType "team"]
[EventRounds "11"]
[EventCountry "HUN"]
[SourceTitle "EXT 2008"]
[Source "ChessBase"]
[SourceDate "2007.11.25"]
[SourceVersion "1"]
[SourceVersionDate "2007.11.25"]
[SourceQuality "1"]
[WhiteTeam "Zsambek"]
[BlackTeam "Vertesi Eromu"]
[WhiteTeamCountry "HUN"]
[BlackTeamCountry "HUN"]

1. e4 d6 2. g3 e5 3. Bg2 Nf6 4. d3 Be6 5. h3 Be7 6. Be3 Nc6 7. Ne2 d5 8. exd5 Bxd5 9. 0-0 Bxg2 10. Kxg2 Nd5 11. Nec3 0-0 12. Nxd5 Qxd5+ 13. f3 f5 14. Nc3 Qe6 15. Bf2 Rad8 16. Qe2 Qg6 17. a3 h5 18. b4 Bh4 19. Kh2 Nd4 20. Qd1 Be7 21. Bxd4 exd4 22. Ne2 h4 23. f4 Rde8 24. Rf3 Qh5 25. Qf1 Bf6 26. Qg2 hxg3+ 27. Nxg3 Qg6 28. Qf2 Re3 29. Re1 Rxe1 30. Qxe1 Re8 31. Qf2 Bh4 32. Qg1 Re7 33. Qf1 Qc6 34. Qg2 Bxg3+ 35. Rxg3 Qxg2+ 36. Rxg2 Re6 37. Rg1 Rc6 38. Rg2 Kf7 39. Kg1 Ra6 0-1

[Event "HUN-chT2 Breyer 0607"]
[Site "Hungary"]
[Date "2006.12.03"]
[Round "3"]
[White "Barabas, Attila"]
[Black "Angyal, Ferenc"]
[Result "1/2-1/2"]
[WhiteElo "2110"]
[BlackElo "2069"]
[PlyCount "55"]
[EventDate "2006.11.12"]
[EventType "team"]
[EventRounds "11"]
[EventCountry "HUN"]
[SourceTitle "EXT 2008"]
[Source "ChessBase"]
[SourceDate "2007.11.25"]
[SourceVersion "1"]
[SourceVersionDate "2007.11.25"]
[SourceQuality "1"]
[WhiteTeam "Vertesi Eromu"]
[BlackTeam "Kiraly Sakk"]
[WhiteTeamCountry "HUN"]
[BlackTeamCountry "HUN"]

1. d3 d5 2. e4 dxe4 3. dxe4 Qxd1+ 4. Kxd1 e5 5. Be3 Be6 6. Nd2 Nd7 7. Ngf3 f6 8. Ne1 Bc5 9. Bxc5 Nxc5 10. b4 Nd7 11. Nd3 Nh6 12. Be2 Nb6 13. Nc5 Bc8 14. Bb5+ c6 15. Bd3 Nf7 16. a4 Ng5 17. b5 Ne6 18. Ndb3 Ke7 19. a5 Nd7 20. Nxe6 Kxe6 21. a6 cxb5 22. Bxb5 Rd8 23. Kc1 bxa6 24. Bc6 Rb8 25. Rd1 Ke7 26. Bxd7 Rxd7 27. Kb2 Rxd1 28. Rxd1 1/2-1/2

[Event "HUN-chT2 Breyer 0506"]
[Site "Hungary"]
[Date "2005.12.04"]
[Round "5"]
[White "Lizak, Peter"]
[Black "Barabas, Attila"]
[Result "1-0"]
[WhiteElo "2072"]
[BlackElo "2114"]
[PlyCount "103"]
[EventDate "2005.10.16"]
[EventType "team"]
[EventRounds "11"]
[EventCountry "HUN"]
[SourceTitle "EXT 2009"]
[Source "ChessBase"]
[SourceDate "2008.11.26"]
[SourceVersion "1"]
[SourceVersionDate "2008.11.26"]
[SourceQuality "1"]
[WhiteTeam "Kiraly Sakk"]
[BlackTeam "Vertesi Eromu"]
[WhiteTeamCountry "HUN"]
[BlackTeamCountry "HUN"]

1. e4 e5 2. Nf3 Nf6 3. Nxe5 d6 4. Nf3 Nxe4 5. Nc3 Nf6 6. d4 d5 7. Bg5 Be7 8. Bd3 Nc6 9. h3 Nb4 10. a3 Nxd3+ 11. Qxd3 0-0 12. 0-0 Be6 13. Rfe1 c6 14. Re2 Nh5 15. Bxe7 Qxe7 16. Qf5 g6 17. Qe5 Qf6 18. Qxf6 Nxf6 19. Na4 Ne4 20. Nc5 Nxc5 21. dxc5 Rfe8 22. Nd4 Bd7 23. Rae1 Rxe2 24. Rxe2 Re8 25. Rxe8+ Bxe8 26. f4 Kg7 27. Kf2 Kf6 28. Ke3 g5 29. b4 h6 30. a4 a6 31. Nb3 Bd7 32. Na5 Bc8 33. c4 Ke6 34. fxg5 hxg5 35. Kd4 f5 36. cxd5+ cxd5 37. b5 f4 38. b6 g4 39. hxg4 Kf6 40. c6 bxc6 41. b7 Bxb7 42. Nxb7 Kg5 43. Nc5 Kxg4 44. Nxa6 Kg3 45. Nc5 Kxg2 46. a5 f3 47. Nd3 Kf1 48. Ke3 Kg2 49. a6 c5 50. a7 d4+ 51. Kf4 c4 52. a8Q 1-0

[Event "HUN-chT2 Breyer 0405"]
[Site "Hungary"]
[Date "2005.04.10"]
[Round "10"]
[White "Barabas, Attila"]
[Black "Repasi, Zoltan Jr"]
[Result "1/2-1/2"]
[WhiteElo "2140"]
[BlackElo "2163"]
[PlyCount "89"]
[EventDate "2004.09.26"]
[EventType "team"]
[EventRounds "11"]
[EventCountry "HUN"]
[SourceTitle "EXT 2009"]
[Source "ChessBase"]
[SourceDate "2008.11.26"]
[SourceVersion "1"]
[SourceVersionDate "2008.11.26"]
[SourceQuality "1"]
[WhiteTeam "Vertesi Eromu"]
[BlackTeam "Dunaharaszti II"]
[WhiteTeamCountry "HUN"]
[BlackTeamCountry "HUN"]

1. d3 d5 2. e4 Nf6 3. e5 Nfd7 4. f4 c5 5. Nf3 Nc6 6. Be2 Ndb8 7. 0-0 Bg4 8. c3 e6 9. Qb3 Qb6 10. Qxb6 axb6 11. Be3 Be7 12. Nbd2 0-0 13. h3 Bxf3 14. Bxf3 b5 15. a3 b6 16. Rfc1 Ra7 17. Nb3 c4 18. dxc4 bxc4 19. Nd2 Bc5 20. Bxc5 bxc5 21. Re1 Ra6 22. Re2 Nd7 23. Rd1 Nb6 24. Nf1 Rb8 25. Rdd2 Na4 26. Ne3 Rab6 27. Nd1 Na5 28. Rf2 Nb3 29. Rc2 Na5 30. f5 d4 31. fxe6 fxe6 32. cxd4 cxd4 33. Bg4 Nc5 34. b4 d3 35. Ra2 Ne4 36. bxa5 Nxf2 37. Kxf2 Rc6 38. Rb2 Rf8+ 39. Ke3 c3 40. Nxc3 Rxc3 41. Bxe6+ Kh8 42. Bd7 Rxa3 43. e6 d2+ 44. Ke2 Rxa5 45. Rxd2 1/2-1/2

[Event "HUN-chT2 Breyer 0405"]
[Site "Hungary"]
[Date "2005.03.06"]
[Round "9"]
[White "Kiss, Zoltan"]
[Black "Barabas, Attila"]
[Result "1-0"]
[WhiteElo "2219"]
[BlackElo "2140"]
[PlyCount "63"]
[EventDate "2004.09.26"]
[EventType "team"]
[EventRounds "11"]
[EventCountry "HUN"]
[SourceTitle "EXT 2009"]
[Source "ChessBase"]
[SourceDate "2008.11.26"]
[SourceVersion "1"]
[SourceVersionDate "2008.11.26"]
[SourceQuality "1"]
[WhiteTeam "Pet"]
[BlackTeam "Vertesi Eromu"]
[WhiteTeamCountry "HUN"]
[BlackTeamCountry "HUN"]

1. e4 e5 2. Nf3 Nf6 3. Nc3 Bb4 4. Nxe5 0-0 5. Nd3 Bxc3 6. dxc3 Nxe4 7. Be2 d5 8. 0-0 Nc6 9. Bf3 Bf5 10. a4 Qd7 11. Be3 Rad8 12. Re1 Rfe8 13. a5 a6 14. Bd4 Ng5 15. Be2 Ne6 16. Nc5 Nxc5 17. Bxc5 Qe6 18. Qd2 Qg6 19. Bd3 Rxe1+ 20. Rxe1 Nxa5 21. Qf4 Be4 22. Bxe4 dxe4 23. Qxc7 Nc6 24. Qxb7 Ne5 25. Qc7 Qg5 26. Be3 Nf3+ 27. Kh1 Qf6 28. gxf3 Qxf3+ 29. Kg1 Re8 30. Qg3 Qh5 31. Bd4 g6 32. Rxe4 1-0

[Event "HUN-chT2 Breyer 0304"]
[Site "Hungary"]
[Date "2004.03.21"]
[Round "9"]
[White "Szucs, Vladimir"]
[Black "Barabas, Attila"]
[Result "1-0"]
[WhiteElo "2146"]
[BlackElo "2117"]
[PlyCount "69"]
[EventDate "2003.09.28"]
[EventType "team"]
[EventRounds "11"]
[EventCountry "HUN"]
[SourceTitle "EXT 2009"]
[Source "ChessBase"]
[SourceDate "2008.11.26"]
[SourceVersion "1"]
[SourceVersionDate "2008.11.26"]
[SourceQuality "1"]
[WhiteTeam "Komarom"]
[BlackTeam "Vertesi Eromu"]
[WhiteTeamCountry "HUN"]
[BlackTeamCountry "HUN"]

1. d4 Nf6 2. c4 e6 3. Nc3 Bb4 4. Qc2 c5 5. dxc5 Na6 6. a3 Bxc3+ 7. Qxc3 Nxc5 8. f3 d6 9. b4 Ncd7 10. e4 b6 11. Ne2 0-0 12. Bb2 Qc7 13. Nd4 a6 14. Be2 Bb7 15. 0-0 Ne5 16. Rac1 Rac8 17. Qe3 Ng6 18. Nb3 Qe7 19. Qxb6 d5 20. cxd5 exd5 21. Bxa6 Bxa6 22. Qxa6 Ra8 23. Qe2 Nf4 24. Qe3 N6h5 25. Rfe1 Qg5 26. Rc2 Rac8 27. Rd2 dxe4 28. fxe4 Rcd8 29. Bd4 Rfe8 30. Qf3 Re6 31. Rf2 Qh4 32. Be3 Rd3 33. Nc5 Rf6 34. e5 Nxg2 35. Qa8+ 1-0

[Event "HUN-chT2 Breyer 0304"]
[Site "Hungary"]
[Date "2004.01.25"]
[Round "6"]
[White "Paal, Attila"]
[Black "Barabas, Attila"]
[Result "1-0"]
[WhiteElo "2159"]
[BlackElo "2117"]
[PlyCount "61"]
[EventDate "2003.09.28"]
[EventType "team"]
[EventRounds "11"]
[EventCountry "HUN"]
[SourceTitle "EXT 2009"]
[Source "ChessBase"]
[SourceDate "2008.11.26"]
[SourceVersion "1"]
[SourceVersionDate "2008.11.26"]
[SourceQuality "1"]
[WhiteTeam "Vasutepito"]
[BlackTeam "Vertesi Eromu"]
[WhiteTeamCountry "HUN"]
[BlackTeamCountry "HUN"]

1. Nc3 e5 2. d4 exd4 3. Qxd4 Nc6 4. Qa4 Nf6 5. e4 Bb4 6. Bd2 Qe7 7. 0-0-0 a6 8. e5 Bxc3 9. Bxc3 Ng8 10. f4 Rb8 11. Bd3 b5 12. Qe4 b4 13. Bd4 Bb7 14. Nf3 Nxd4 15. Qxd4 Bxf3 16. gxf3 Rb6 17. Bf5 d6 18. Rhe1 Kf8 19. exd6 Rxd6 20. Rxe7 Rxd4 21. Rxc7 Rxd1+ 22. Kxd1 h5 23. Rc8+ Ke7 24. Bd3 a5 25. Ra8 g6 26. Bc4 h4 27. Ke2 h3 28. Ke3 g5 29. fxg5 Rh4 30. b3 Rh8 31. g6 1-0

[Event "HUN-chT2 Breyer 0203"]
[Site "Hungary"]
[Date "2003.04.13"]
[Round "11"]
[White "Fabri, Ferenc"]
[Black "Barabas, Attila"]
[Result "1-0"]
[WhiteElo "2245"]
[BlackElo "2153"]
[PlyCount "31"]
[EventDate "2002.09.22"]
[EventType "team"]
[EventRounds "11"]
[EventCountry "HUN"]
[SourceTitle "EXT 2009"]
[Source "ChessBase"]
[SourceDate "2008.11.26"]
[SourceVersion "1"]
[SourceVersionDate "2008.11.26"]
[SourceQuality "1"]

1. e4 e5 2. Nf3 Nf6 3. Nc3 Bb4 4. Bc4 0-0 5. 0-0 d6 6. d3 Bxc3 7. bxc3 h6 8. Rb1 Nc6 9. a4 Qe7 10. Ne1 Rb8 11. f4 Bg4 12. Qd2 exf4 13. Qxf4 Ne5 14. Bb3 Rfd8 15. Ba3 Be6 16. Qxe5 1-0

[Event "HUN-chT2 Breyer 0203"]
[Site "Hungary"]
[Date "2003.04.06"]
[Round "10"]
[White "Barabas, Attila"]
[Black "Furesz, Jozsef"]
[Result "1/2-1/2"]
[WhiteElo "2142"]
[BlackElo "2021"]
[PlyCount "59"]
[EventDate "2002.09.22"]
[EventType "team"]
[EventRounds "11"]
[EventCountry "HUN"]
[SourceTitle "EXT 2009"]
[Source "ChessBase"]
[SourceDate "2008.11.26"]
[SourceVersion "1"]
[SourceVersionDate "2008.11.26"]
[SourceQuality "1"]

1. d4 d5 2. Nc3 Nf6 3. Bg5 Bf5 4. e3 Nbd7 5. Bd3 Bg6 6. Bxg6 hxg6 7. Nf3 c6 8. Qd3 Qb6 9. 0-0-0 e6 10. Ne5 Nxe5 11. dxe5 Ng4 12. Qe2 Nxe5 13. e4 Nc4 14. b3 Ba3+ 15. Kb1 Bb4 16. Rd3 Na3+ 17. Kb2 d4 18. Nb1 Qc5 19. h4 Nxb1 20. Kxb1 a5 21. e5 a4 22. Rhd1 Bc3 23. g3 Qb4 24. Bd2 axb3 25. cxb3 0-0 26. Bxc3 dxc3 27. Qc2 Ra5 28. f4 Rd5 29. Rc1 Rfd8 30. Rxd5 1/2-1/2

[Event "HUN-chT2 Breyer 0203"]
[Site "Hungary"]
[Date "2003.03.23"]
[Round "9"]
[White "Barabas, Attila"]
[Black "Schenkerik, Csaba"]
[Result "0-1"]
[WhiteElo "2153"]
[BlackElo "2149"]
[PlyCount "142"]
[EventDate "2002.09.22"]
[EventType "team"]
[EventRounds "11"]
[EventCountry "HUN"]
[SourceTitle "EXT 2009"]
[Source "ChessBase"]
[SourceDate "2008.11.26"]
[SourceVersion "1"]
[SourceVersionDate "2008.11.26"]
[SourceQuality "1"]

1. d4 d5 2. Nc3 c6 3. Nf3 Bf5 4. e3 e6 5. Bd3 Bg6 6. Ne5 Bxd3 7. Qxd3 Bd6 8. f4 f6 9. Nf3 f5 10. Bd2 Nf6 11. Ng5 Qe7 12. 0-0-0 Nbd7 13. h3 0-0-0 14. Be1 Rdf8 15. Bh4 Qe8 16. Rhg1 h5 17. Kb1 Ne4 18. Ncxe4 fxe4 19. Qb3 Rh6 20. c4 Be7 21. Rc1 Kb8 22. Rc3 dxc4 23. Rxc4 Nb6 24. Rc2 Qd7 25. Bg3 h4 26. Bh2 Qd5 27. Qc3 Rf5 28. g4 hxg3 29. Rxg3 Rh5 30. Rc1 Kc8 31. Rcg1 Bxg5 32. fxg5 Rhxg5 33. h4 Rxg3 34. Bxg3 Qb5 35. Be5 Rf2 36. Qb3 Rf1+ 37. Rxf1 Qxf1+ 38. Kc2 Nd5 39. a3 Qe1 40. Bf4 Qxh4 41. Qa4 a6 42. Be5 g5 43. Qa5 Qf2+ 44. Kb1 Qf1+ 45. Ka2 Qc4+ 46. Kb1 b6 47. Qe1 a5 48. Qf2 Kb7 49. Qf7+ Ka6 50. Qg6 Qb3 51. Ka1 Nxe3 52. Qxe4 Nc2+ 53. Kb1 Nxa3+ 54. Kc1 Nc4 55. Qe2 Qa2 56. d5 exd5 57. Bc3 Qa1+ 58. Kc2 Qf1 59. Qe8 Qf5+ 60. Kc1 Kb5 61. b3 Qf1+ 62. Kc2 Qf2+ 63. Kb1 Ne3 64. Bb2 g4 65. Qh8 Qf1+ 66. Ka2 Qd3 67. Qh4 a4 68. bxa4+ Kxa4 69. Qh8 Qb3+ 70. Ka1 Nc4 71. Qa8+ Kb5 0-1

[Event "HUN-chT2 Breyer 0203"]
[Site "Hungary"]
[Date "2002.11.24"]
[Round "3"]
[White "Barabas, Attila"]
[Black "Toth, Gyula"]
[Result "1-0"]
[WhiteElo "2142"]
[BlackElo "2130"]
[PlyCount "123"]
[EventDate "2002.09.22"]
[EventType "team"]
[EventRounds "11"]
[EventCountry "HUN"]
[SourceTitle "EXT 2009"]
[Source "ChessBase"]
[SourceDate "2008.11.26"]
[SourceVersion "1"]
[SourceVersionDate "2008.11.26"]
[SourceQuality "1"]

1. d4 d5 2. Nc3 Nf6 3. Bg5 Nbd7 4. Nf3 g6 5. e3 Bg7 6. Be2 0-0 7. h3 c6 8. 0-0 a6 9. a4 b6 10. Re1 Bb7 11. Bd3 c5 12. Nd2 h6 13. Bf4 Nh5 14. dxc5 Nxc5 15. Bh2 Nxd3 16. cxd3 Rc8 17. d4 Nf6 18. Nf3 Nd7 19. Qb3 e6 20. Rad1 Nf6 21. Ne5 Ne4 22. Nxe4 dxe4 23. Rc1 Bd5 24. Qb4 Kh7 25. Nc4 Bxc4 26. Rxc4 Rxc4 27. Qxc4 b5 28. axb5 Qa5 29. b4 Qxb5 30. Qxb5 axb5 31. Rc1 Rd8 32. Rc5 Rd5 33. Rc8 g5 34. f3 exf3 35. gxf3 Kg6 36. Kf2 Bf6 37. Rc7 Bg7 38. Rc8 Bf6 39. Bc7 Be7 40. Ba5 Kg7 41. Ke2 Rd7 42. Rb8 Rd5 43. Kd3 Rf5 44. Ke2 Rd5 45. Rb7 Bf8 46. Bc7 Bxb4 47. e4 Rd6 48. Bxd6 Bxd6 49. Rxb5 Bf4 50. d5 Kf6 51. Kd3 h5 52. Kd4 Ke7 53. Kc5 f5 54. Rb7+ Kd8 55. dxe6 fxe4 56. fxe4 g4 57. hxg4 hxg4 58. Rg7 g3 59. e7+ Ke8 60. Kd5 Kd7 61. e5 g2 62. Rxg2 1-0

[Event "HUN-chT2 Breyer 0203"]
[Site "Hungary"]
[Date "2002.10.13"]
[Round "2"]
[White "Angyal, Ferenc"]
[Black "Barabas, Attila"]
[Result "1-0"]
[WhiteElo "2165"]
[BlackElo "2142"]
[PlyCount "69"]
[EventDate "2002.09.22"]
[EventType "team"]
[EventRounds "11"]
[EventCountry "HUN"]
[SourceTitle "EXT 2009"]
[Source "ChessBase"]
[SourceDate "2008.11.26"]
[SourceVersion "1"]
[SourceVersionDate "2008.11.26"]
[SourceQuality "1"]

1. Nf3 d5 2. g3 c5 3. Bg2 Nc6 4. d4 e6 5. c4 dxc4 6. Qa4 Qa5+ 7. Qxa5 Nxa5 8. 0-0 Nc6 9. Na3 cxd4 10. Nb5 Kd8 11. Ng5 Nh6 12. Bxc6 bxc6 13. Nxd4 Bd7 14. Rd1 Ke8 15. Ne4 c5 16. Nc2 Ba4 17. Rd2 Nf5 18. Na3 Bc6 19. Nc3 Be7 20. Nxc4 f6 21. Na5 Bd7 22. e3 Rb8 23. b3 Nd6 24. Ba3 Nb5 25. Nxb5 Rxb5 26. Nc4 Rf8 27. Rad1 Bc8 28. Rd6 Rf7 29. Rc6 Bb7 30. Rxe6 Kf8 31. Nb2 Ra5 32. Nc4 Rb5 33. e4 g6 34. Bb2 Kg7 35. e5 1-0

[Event "HUN-chT2 Breyer 0203"]
[Site "Hungary"]
[Date "2002.09.22"]
[Round "1"]
[White "Barabas, Attila"]
[Black "Repasi, Zoltan"]
[Result "1/2-1/2"]
[WhiteElo "2142"]
[BlackElo "2203"]
[PlyCount "21"]
[EventDate "2002.09.22"]
[EventType "team"]
[EventRounds "11"]
[EventCountry "HUN"]
[SourceTitle "EXT 2009"]
[Source "ChessBase"]
[SourceDate "2008.11.26"]
[SourceVersion "1"]
[SourceVersionDate "2008.11.26"]
[SourceQuality "1"]

1. d4 Nf6 2. Nc3 d5 3. Bg5 Bf5 4. e3 e6 5. Bd3 c6 6. Nf3 Be7 7. Ne5 Bxd3 8. Qxd3 Nbd7 9. Nxd7 Qxd7 10. 0-0 0-0 11. Bxf6 1/2-1/2